| 000 | 00725nam a2200229 a 4500 | ||
|---|---|---|---|
| 008 | |||
| 020 | _a0073379492 (pbk. ) | ||
| 049 | _aMAIN | ||
| 090 |
_aHF5686.C7 _bTHI |
||
| 100 | 1 | _aThibodeau, Jay C. | |
| 245 | 1 | 0 |
_aAuditing after Sarbanes-Oxley : _billustrative cases / _cJay C. Thibodeau and Deborah Freier. |
| 250 | _a2nd ed. | ||
| 260 |
_aBoston : _bMc-Graw Hill, _c2009. |
||
| 300 |
_axvii, 260 p. : _bill. ; _c23 cm. |
||
| 650 | 1 | _aCorporations-accounting-corrupt practices-United States-Case studies. | |
| 700 | _aFreier, Deborah. | ||
| 907 |
_a.b10286755 _b26-07-12 _c09-11-10 |
||
| 003 | |||
| 005 | 20230120133836.0 | ||
| 040 | _cNUST | ||
| 942 |
_cBOOKS _kHF5686.C7 _mTHI |
||
| 999 |
_c96408 _d96408 |
||